The psychological development of the child

Enregistré dans:
Détails bibliographiques
Auteur principal: Mussen, Paul Henry (Auteur)
Format: Livre
Langue:anglais
Publié: Upper Saddle River Prentice-Hall 1963
Collection:Foundations of Modern Psychology Series
Sujets:
Tags: Ajouter un tag
Pas de tags, Soyez le premier à ajouter un tag!

MARC

LEADER 00000nam a2200000 a 4500
001 UCZ6508
003 CL-VaPUC
008 951211e19630000US |||||||||||||||||eng|d
082 0 4 |a 155.418  |b MUS  |2 21 
100 0 |a Mussen, Paul Henry  |e author  |9 350850 
245 1 4 |a The psychological development of the child 
300 |a 109 p 
942 |c BK 
945 |d 19951211 00:00:00  |a cmena 
260 |a Upper Saddle River  |b Prentice-Hall  |c 1963 
650 0 |a Psicología del niño  |9 307305 
650 0 |a Psicología del desarrollo  |9 307541 
650 7 |a DESARROLLO DE LA PERSONALIDAD  |2 CL-VaPUC  |9 311216 
650 0 |a Desarrollo individual   |9 307875 
650 0 |a Desarrollo mental   |9 313003 
583 |a last modification  |c 20130411 10:51:44  |k Rodrigo Vera 
490 0 |a Foundations of Modern Psychology Series 
999 |c 242707  |d 242705 
952 |0 0  |1 0  |4 0  |6 155_418000000000000_MUS_1963  |7 0  |8 P  |9 255829  |a BIBEDU  |b BIBEDU  |c BIBEDU_PB  |d 2019-11-19  |i 1604422  |o 155.418 MUS 1963  |p 1604422  |r 2024-01-25  |w 2019-11-19  |y BK  |k EDU 
952 |0 0  |1 0  |4 0  |6 155_418000000000000_MUS_1963  |7 0  |8 A  |9 255830  |a FDOPOS  |b FDOPOS  |d 2019-11-19  |i 3690466  |o 155.418 MUS 1963  |p 3690466  |r 2025-01-22  |w 2019-11-19  |y BK  |k MLA